Statistics for All Boy Scouts of America Merit Badges

Click here to take the quiz!

General Stats

  • This quiz has been taken 94 times
  • The average score is 50 of 137

Answer Stats

HintAnswer% Correct
125Swimming
94%
19Camping
85%
23Citizenship in the Community
83%
63Hiking
83%
24Citizenship in the Nation
81%
25Citizenship in the World
79%
31Cooking
79%
20Canoeing
75%
33Cycling
75%
51First Aid
74%
74Lifesaving
74%
53Fishing
68%
70Kayaking
66%
47Family Life
64%
45Environmental Science
62%
88Personal Fitness
62%
8Archery
60%
41Emergency Preparedness
58%
89Personal Management
57%
104Rifle Shooting
55%
22Chess
53%
49Fingerprinting
53%
135Wilderness Survival
53%
29Communication
51%
114Shotgun Shooting
51%
121Sports
51%
10Art
49%
11Astronomy
49%
16Basketry
49%
73Leatherwork
49%
75Mammal Study
49%
82Music
49%
77Metalwork
47%
106Rowing
47%
137Woodwork
47%
17Bird Study
45%
66Indian Lore
45%
117Small Boat Sailing
43%
54Fly Fishing
42%
84Nuclear Science
42%
86Orienteering
42%
136Wood Carving
42%
15Backpacking
40%
27Coin Collecting
40%
39Electricity
40%
43Engineering
40%
102Reading
40%
103Reptile and Amphibian Study
40%
1American Business
38%
3American Heritage
38%
12Athletics
38%
14Aviation
38%
21Chemistry
38%
26Climbing
38%
124Sustainability
38%
18Bugling
36%
52Fish and Wildlife Management
36%
60Geology
36%
80Motorboating
36%
92Pioneering
36%
120Space Exploration
36%
56Game Design
34%
59Geocaching
34%
83Nature
34%
40Electronics
32%
133Welding
32%
9Architecture
30%
37Dog Care
30%
42Energy
30%
55Forestry
30%
57Gardening
30%
61Golf
30%
67Insect Study
30%
72Law
30%
85Oceanography
30%
87Painting
30%
90Pets
30%
95Pottery
30%
4American Labor
28%
35Digital Technology
28%
91Photography
28%
94Plumbing
28%
96Programming
28%
131Water Sports
28%
132Weather
28%
2American Cultures
26%
5Animal Science
26%
7Archaeology
26%
32Crime Prevention
26%
34Dentistry
26%
81Moviemaking
26%
98Public Speaking
26%
101Railroading
26%
107Safety
26%
109Scholarship
26%
110Scouting Heritage
26%
111Scuba Diving
26%
128Traffic Safety
26%
6Animation
25%
50Fire Safety
25%
76Medicine
25%
105Robotics
25%
118Snow Sports
25%
122Stamp Collecting
25%
127Theater
25%
134Whitewater
25%
13Automotive Maintenance
23%
28Collections
23%
44Entrepreneurship
23%
65Horsemanship
23%
78Mining in Society
23%
99Pulp and Paper
23%
119Soil and Water Conservation
23%
36Disabilities Awareness
21%
38Drafting
21%
46Exploration
21%
97Public Health
21%
100Radio
21%
108Salesmanship
21%
116Skating
21%
129Truck Transportation
21%
64Home Repairs
19%
68Inventing
19%
71Landscape Architecture
19%
112Sculpture
19%
30Composite Materials
17%
62Graphic Arts
17%
113Search and Rescue
17%
126Textile
17%
130Veterinary Medicine
17%
58Genealogy
15%
69Journalism
15%
93Plant Science
15%
115Signs Signals and Codes
15%
48Farm Mechanics
13%
79Model Design and Building
9%
123Surveying
9%

Score Distribution

Percentile by Number Answered

Percent of People with Each Score

Your Score History

You have not taken this quiz